| 000 | 00578nam a22001577a 4500 | ||
|---|---|---|---|
| 003 | OSt | ||
| 005 | 20150905165242.0 | ||
| 008 | 150905b xxu||||| |||| 00| 0 eng d | ||
| 040 | _cRUA | ||
| 082 | _aAGR កុយ 1990 B001 Or.1 | ||
| 100 |
_961 _aឈិត ស៊ីថា |
||
| 245 | _aសត្វល្អិតចង្រៃនិងជំងឺដំណាំសណ្ដែក ការបំផ្លាញរបស់វានិងវិធានការណ៍កំចាត់ | ||
| 260 |
_aPhnom Penh _bRUA _c1990 |
||
| 300 |
_a144p. _bill. _c29cm. |
||
| 942 |
_2ddc _cAGR |
||
| 999 |
_c58 _d58 |
||